000 00763nam a2200289Ia 4500
003 OSt
005 20221007110927.0
006 a|||||r|||| 00| 0
007 ta
008 221006b |||||||| |||| 00| 0 eng d
020 _a1859413862
024 _a22,170
037 _cTextual
040 _aLCO
_cLCO
_beng
041 _2eng
_aeng
082 _aZ3,2,6, N8
100 _aSawyer Caroline
_9708007
245 0 _aPrinciples of Succession, Wills and Probate
250 _a2nd
260 _aLondon
_bCavendish Publishing Limited U.K.
_c1998
300 _a438
650 _a PROBATE
_9708008
650 _a WILLS
_9706790
650 _aSUCCESSION
_9708009
942 _hZ3,2,6, N8
_cTEXL
999 _c1191733
_d1191733